000 00546nam a2200205Ia 4500
001 1940
003 IVS
005 20250626024122.0
008 211022s9999 xx 000 0 und d
040 _cIVS
082 _a700 SOP
100 _aSophia Ahmed
245 0 _aArt or play : A study of art education in schools of Karachi
260 _aKarachi
260 _bIndus Valley School
260 _c1995
300 _a60
856 _uhttps://drive.google.com/file/d/12Wr0f9QrbXmm8j-IdE1TV6-N6J9AwSMl/view?usp=sharing
942 _cDISS
_n0
_2ddc
999 _c1667
_d1667